Sound-It-Outs 5 Quiz Stats

 Plays Quiz not verified by Sporcle

Also try: Common Bonds Chain
Challenge
Share
Tweet
Embed
Score 0/28 Timer 05:00
0 Plays Today
Category Answer % Correct
Category 1Captain Hook
94.7%
Category 2Julia Roberts
90.8%
Category 2Sandra Bullock
90.1%
Category 2Famous Actresses
88.1%
Category 1Cruella de Vil
87.8%
Category 2Jennifer Love Hewitt
85.7%
Category 2Natalie Portman
84.7%
Category 1Jafar
82.4%
Category 3John Hancock
81.4%
Category 1Ursula
80.2%
Category 1Disney Villains
79.4%
Category 3Benjamin Franklin
79.4%
Category 1Gaston
78.6%
Category 1Stromboli
76.4%
Category Answer % Correct
Category 2Susan Sarandon
76.4%
Category 4Phoenix Coyotes
75.6%
Category 4Tampa Bay Lightning
72.5%
Category 4Montreal Canadiens
72.3%
Category 3Oliver Wolcott
71.3%
Category 4NHL Teams
68.3%
Category 4Minnesota Wild
67.1%
Category 4Colorado Avalanche
64.5%
Category 3Roger Sherman
58.9%
Category 4St. Louis Blues
53.2%
Category 2Uma Thurman
50.2%
Category 3Declaration of Independence Signers
43.5%
Category 3Caesar Rodney
17.6%
Category 3Richard Henry Lee
5%

You're not logged in!

Compare scores with friends on all Sporcle quizzes.
OR
Log In

You Might Also Like...

Show Comments

Extras

Created Aug 29, 2010ReportNominate
Tags:category, describe, set, sounding

Top Quizzes Today


Score Distribution

Your Account Isn't Verified!

In order to create a playlist on Sporcle, you need to verify the email address you used during registration. Go to your Sporcle Settings to finish the process.

Report this User

Report this user for behavior that violates our Community Guidelines.

Details: